| 000 -ლიდერი |
| ფიქსირებული სიგრძის საკონტროლო ველი |
01300nam a2200241Ia 4500 |
| 001 - საკონტროლო ნომერი |
| საკონტროლო ველი |
23627 |
| 003 - საკონტროლო ნომრის იდენტიფიკატორი |
| საკონტროლო ველი |
GE_BSU |
| 005 - ბოლო ოპერაციის თარიღი და დრო |
| საკონტროლო ველი |
20260311105050.0 |
| 008 - ფიქსირებული სიგრძის მონაცემთა ელემენტები - ზოგადი ინფორმაცია |
| ფიქსირებული სიგრძის საკონტროლო ველი |
181216s1964||||ge |||||||||||||| ||geo|| |
| 040 ## - კატალოგიზაციის წყარო |
| Transcribing agency |
GE_BSU |
| 080 ## - უნივერსალური ათობითი კლასიფიკაციის ინდექსი |
| Universal Decimal Classification number |
94(479.22)(093უცხ.) ყ-36 |
| 100 ## - მთავარი ჩანაწერი - პიროვნების სახელი |
| Personal name |
ყაუხჩიშვილი, სიმონ |
| 9 (RLIN) |
27109 |
| 245 ## - ცნობა სათაურის შესახებ |
| Title |
რას გვიამბობენ ძველი ბერძნები საქართველოს შესახებ / |
| Statement of responsibility, etc |
სიმონ ყაუხჩიშვილი ; რედ. : ირ. არაბული ; მხატვ. : გ. გორდელაძე. |
| 264 ## - წარმოების, გამოცემის, დისტრიბუციის და სხვა ცნობები |
| გამოცემის, წარმოების, დისტრიბუციის... ადგილი |
თბილისი : |
| გამოცემის, წარმოების, დისტრიბუციის... სახელწოდება |
საბჭ. საქართველო, |
| გამოცემის, წარმოების, დისტრიბუციის... თარიღი |
1964. |
| 300 ## - ფიზიკური აღწერა |
| Extent |
143 გვ. ; |
| Dimensions |
20 სმ. |
| 653 ## - INDEX TERM--UNCONTROLLED |
| Uncontrolled term |
ისტორია |
| 653 ## - INDEX TERM--UNCONTROLLED |
| Uncontrolled term |
რას გვიამბობენ ძველი ბერძნები საქართველოს შესახებ |
| 653 ## - INDEX TERM--UNCONTROLLED |
| Uncontrolled term |
საქართველოს ისტორიის ბერძნული წყაროები |
| 700 ## - ADDED ENTRY--PERSONAL NAME |
| Personal name |
არაბული, ირ. |
| Relator term |
რედაქტორი |
| 9 (RLIN) |
27110 |
| 700 ## - ADDED ENTRY--PERSONAL NAME |
| Personal name |
გორდელაძე, გ. |
| Relator term |
მხატვარი |
| 9 (RLIN) |
7668 |
| 942 ## - ADDED ENTRY ELEMENTS (KOHA) |
| Koha item type |
წიგნი |
| Source of classification or shelving scheme |
|